00636nam a2200169 a 450000100100000000500170001000800410002704000250006808200160009310000360010924500850014526000760023030000200030604900090032695201140033599900170044900002921720200930055414.0110414s1982 dr 000 0 spa d aDO-SdBNPbspacBNPHU axxxxbV598d1 aViña Román, Jaime A.95611410aDiscurso pronunciado en el acto de investidura celebrado el 21 de abril de 1982. aSanto Domingo :bUniversidad Nacional Pedro Henríquez Ureña,c1982. a12 p. ;c22 cm. aBNPD 0010718PDaPDbPDcCTd2011-04-14iLF1l0oxxxx V598dp29217-10r2020-06-25w2020-06-25yLFPDZNo se presta c28709d28709